000 00859nam0a2200289 4500
001 RU\NLR\bibl\1670925
005 20250616044317.0
010 _a978-5-9533-5046-4
_97000
021 _aRU
_b2010-61477
_9350д/2010
035 _a(NLR Aleph) 001662186
090 _a988655
_c988655
100 _a20100902d2010 |||y0rusy50 ca
101 0 _arus
102 _aRU
105 _ay |||||||||
200 1 _aБелые тени
_e[роман]
_fИван Дорба
210 _aМосква
_cВече
_d2010
215 _a382, [1] с.
_d21
225 1 _aВоенные приключения
_eВП
686 _aШ6(2=Р)75-446
700 1 _aДобра
_bИ. В.
_f1906-1998
_gИван Васильевич
_4070
801 0 _aRU
_bNLR
_c20100902
_gRCR
801 1 _aRU
_bNLR
_c20100902
942 _cBOOK
980 _aNB